Surveyors acting as arbitrators in construction related disputes (Record no. 116015)
[ view plain ]
| 000 -LEADER | |
|---|---|
| fixed length control field | 01746cam a2200313 4500 |
| 001 - CONTROL NUMBER | |
| control field | L159575 |
| 008 - FIXED-LENGTH DATA ELEMENTS--GENERAL INFORMATION | |
| fixed length control field | 000000n2017 000 0 eng u |
| 020 ## - INTERNATIONAL STANDARD BOOK NUMBER | |
| International Standard Book Number | 9781783211838 |
| 035 ## - SYSTEM CONTROL NUMBER | |
| System control number | (Sirsi) u159575 |
| 041 0# - LANGUAGE CODE | |
| Language code of text/sound track or separate title | eng |
| 050 04 - LIBRARY OF CONGRESS CALL NUMBER | |
| Classification number | 347.4109 $2 18 |
| 110 2# - MAIN ENTRY--CORPORATE NAME | |
| Corporate name or jurisdiction name as entry element | Royal Institution of Chartered Surveyors |
| 9 (RLIN) | 4900 |
| 245 00 - TITLE STATEMENT | |
| Title | Surveyors acting as arbitrators in construction related disputes |
| Medium | [electronic resource] |
| 250 ## - EDITION STATEMENT | |
| Edition statement | 2nd ed. |
| 260 ## - PUBLICATION, DISTRIBUTION, ETC. | |
| Place of publication, distribution, etc. | London |
| Name of publisher, distributor, etc. | RICS |
| Date of publication, distribution, etc. | 2017 |
| 300 ## - PHYSICAL DESCRIPTION | |
| Extent | 24p. |
| 490 #0 - SERIES STATEMENT | |
| Series statement | RICS Guidance Note |
| 490 #0 - SERIES STATEMENT | |
| Series statement | RICS Professional Standard |
| 520 ## - SUMMARY, ETC. | |
| Summary, etc. | Effective 3rd July 2017 |
| 520 ## - SUMMARY, ETC. | |
| Summary, etc. | Applies to RICS members appointed to act as arbitrator in a dispute relating to construction works. It should also be of assistance to parties involved in arbitration, and those acting for them, by making them aware of the procedures that may be followed. It includes the fundamentals of arbitration and the powers and duties of an arbitrator, the agreement and commencement of proceedings, appointment of the arbitrator, setting procedure, the interlocutory period, the hearing and award, termination/post award. |
| 520 ## - SUMMARY, ETC. | |
| Summary, etc. | Please note that there is separate guidance for Scotland. |
| 520 ## - SUMMARY, ETC. | |
| Summary, etc. | This document was reissued in April 2023 as a professional standard. It had previously been published in January 2020 as a guidance note, the original publication date of 2017 still stands. |
| 650 24 - SUBJECT ADDED ENTRY--TOPICAL TERM | |
| Topical term or geographic name entry element | ARBITRATION |
| 651 #4 - SUBJECT ADDED ENTRY--GEOGRAPHIC NAME | |
| Geographic name | England and Wales |
| Chronological subdivision | 1543- |
| 651 #4 - SUBJECT ADDED ENTRY--GEOGRAPHIC NAME | |
| Geographic name | Northern Ireland |
| 690 ## - LOCAL SUBJECT ADDED ENTRY--TOPICAL TERM (OCLC, RLIN) | |
| Topical term or geographic name as entry element | Dispute resolution |
| 9 (RLIN) | 6236 |
| 856 41 - ELECTRONIC LOCATION AND ACCESS | |
| Uniform Resource Identifier | <a href="https://www.rics.org/content/dam/ricsglobal/documents/standards/Surveyors-acting-as-arbitrators-in-construction-disputes.pdf">https://www.rics.org/content/dam/ricsglobal/documents/standards/Surveyors-acting-as-arbitrators-in-construction-disputes.pdf</a> |
| Public note | View on RICS.org |
| 942 ## - ADDED ENTRY ELEMENTS (KOHA) | |
| Suppress in OPAC | 0 |
| Source of classification or shelving scheme | Dewey Decimal Classification |
| Withdrawn status | Lost status | Source of classification or shelving scheme | Damaged status | Not for loan | Home library | Current library | Shelving location | Date acquired | Total Checkouts | Full call number | Date last seen | Copy number | Price effective from | Koha item type |
|---|---|---|---|---|---|---|---|---|---|---|---|---|---|---|
| Dewey Decimal Classification | Virtual | Virtual | Online | 13/09/2017 | ONLINE PUBLICATION | 31/12/2024 | 1 | 06/08/2019 | Online material |